| 000 | 00557nam a2200193Ia 4500 | ||
|---|---|---|---|
| 003 | OSt | ||
| 005 | 20250409123018.0 | ||
| 008 | 210210b1933 xxu||||| |||| 00| 0 eng d | ||
| 040 | _cAL | ||
| 041 | _aKannada | ||
| 082 | _a859/1084 | ||
| 100 |
_aPUTTAPPA (KV) _996442 _bಪುಟ್ಟಪ್ಪ (ಕೆವಿ) |
||
| 245 |
_aMalenadina chitragalu _bಮಲೆನಾಡಿನ ಚಿತ್ರಗಳು |
||
| 260 |
_aBengaluru _bKarnataka Sangha _c1933 |
||
| 650 |
_aKuvempu _996443 |
||
| 690 |
_aKannada Fiction _996444 |
||
| 906 | _a021830 | ||
| 942 |
_2ddc _cBK |
||
| 999 |
_c145929 _d145929 |
||